| 000 | 00739nam a22002417a 4500 | ||
|---|---|---|---|
| 005 | 20170124110115.0 | ||
| 010 | _aB-041089 | ||
| 020 |
_c150.00 _a8187506000 |
||
| 035 | _aB-041089 | ||
| 037 | _bCen Lib/ Ret | ||
| 040 |
_aDPL _bEN |
||
| 082 |
_a915.4 _bSID |
||
| 100 |
_aSiddhartha, K. _921381 |
||
| 245 |
_aIndia : _cby K. Siddhartha _bthe physical aspects / |
||
| 250 | _a3rd ed. | ||
| 260 |
_aNew Delhi _bKisalaya Publication _c2001 |
||
| 270 |
_bNew Delhi _aC-2, Pdma Apartments, New Manglapuri, Mahrauli _e110030 |
||
| 300 |
_a288p. : _c24cm(Hb) _bill. |
||
| 500 | _aIncludes bibliographical references | ||
| 650 |
_aTravel -- India _9104418 |
||
| 650 |
_aGeography _9104419 |
||
| 942 |
_2ddc _cEN _h915.4 _mSID |
||
| 999 |
_c130665 _d130665 |
||